00741nam a22002057a 450000500170000001000150001702000260003203500140005803700130007208200080008510000190009324500750011226000250018727001300021230000390034250000240038170000460040570000430045170000410049420200910163457.0 aENG-128409 c499.00a9789390168408 aEN-111941 bDBAD/PUB a650 aUppal, Nishant aHuman Resource Analytics: Strategic Decision Making/cby NIshant Uppal aNoidabPearsonc2021 a15th floor,Tower-B,Word Trade Tower,Plot no.1,Block-C sec 16,bNoidae201301k04466540100mcompanysecretary.india@pearson.com axv;348p.c23cm(pbk)bIllustrations aIncludes References aSenior Editor- Acquisitions- Varun Goenka aSenior editor production- G. Sharmilee aEditor Development- Pratha Bhagowati